000 00771nam a2200253Ia 4500
003 OSt
005 20220923211031.0
006 a|||||r|||| 00| 0
007 ta
008 220922b |||||||| |||| 00| 0 hin d
020 _a8171323154
024 _a216,537
037 _cTextual
040 _aARTS
_cARTS
_bhin
041 _2hin
_ahin
082 _aV2,64:(Y15), 152P2
100 _aराठौड, मधु
_9157374
245 0 _aपचांयती राज और महिला विकास
246 _aPachāanyatī rāj aur hinilā vikāsa
260 _aजयपुर
_b पोइन्टर
_c2002
300 _a192
_ccm.
942 _hV2,64:(Y15), 152P2
_cTEXL
_2CC
999 _c294227
_d294227